La deuda externa del sector público de Centroamérica a 1971 y algunas consideraciones sobre los efectos del capital oficial en la década del sesenta

Actualiza el saldo de la deuda externa centroamericana a 1971 y sistematiza algunas de sus características en cuanto a origen y destino, estudia la deuda externa regional del sector público y contempla su origen, destino de los recursos y tasa de interes de los prestamos, incluye un analisis de la d...

Descrizione completa

Salvato in:
Dettagli Bibliografici
Ente Autore: CSUCA
Natura: testo
Pubblicazione: San José: CSUCA
Soggetti:
Tags: Aggiungi Tag
Nessun Tag, puoi essere il primo ad aggiungerne!!

MARC

LEADER 00000 a a2200000 04500
001 19838
003
040
090 |a 080300  
110 |a CSUCA  
245 |a La deuda externa del sector público de Centroamérica a 1971 y algunas consideraciones sobre los efectos del capital oficial en la década del sesenta  
260 |a San José:   |b CSUCA  
300 |a 26 p.  
520 |a Actualiza el saldo de la deuda externa centroamericana a 1971 y sistematiza algunas de sus características en cuanto a origen y destino, estudia la deuda externa regional del sector público y contempla su origen, destino de los recursos y tasa de interes de los prestamos, incluye un analisis de la deuda por paises./ACM  
650 |a AMERICA CENTRAL  
650 |a DEUDA EXTERNA  
650 |a DEUDA PUBLICA  
650 |a EMPRESTITOS PUBLICOS  
650 |a PUB. CSUCA  
999 |c 10375  |d 10375